Представление документа в формате RUSMARC

ПолеНазваниеЗначение
  Тип записи a
  Библиографический уровень m
001 Контрольный номер RU/IS/BASE/308326796
005 Дата корректировки 20201206204450.0
010 Индекс ISBN __
a ISBN 5-94201-328-4
d Цена 243-52
021 № государственной регистрации __
b № документа 2006-24264
b № документа 1208
100 Данные общей обработки __
a Данные общей обработки 19060505d2006 |||y0rusy0189 ca
101 Язык документа 0_
a Язык текста rus
c Язык оригинала rus
102 Страна публикации __
a Страна публикации RU
105 Кодированные данные (монография) __
a Кодированные данные (монография) y |||||||zy
200 Заглавие и сведения об ответственности 1_
a Заглавие Политические и правовые учения XVII века
f Первые сведения об ответственности Л. В. Батиев ; Ассоц. юрид. центр
b Общее обозначение материала Текст
210 Выходные данные __
a Место издания СПб.
c Издательство Асланов Р.
c Издательство Юрид. центр Пресс
d Дата издания 2006
215 Физическое описание __
a Объем 346 с.
225 Серия __
a Серия Теория и история государства и права
320 Библиография __
a Библиография Библиогр. в подстроч. прим.
600 Персоналии __
a Персоналии (Фамилия) Гроция, Г.
g Полное имя Гуго
600 Персоналии __
a Персоналии (Фамилия) Гоббс, Т.
g Полное имя Томас
600 Персоналии __
a Персоналии (Фамилия) Спиноза, Б.
600 Персоналии __
a Персоналии (Фамилия) Локк, Д.
g Полное имя Джон
606 Тематические рубрики __
a Основная рубрика Право
z Хронологическая подрубрика 17 в.
606 Тематические рубрики __
a Основная рубрика История государства и права
610 Ключевые слова __
a Ключевые слова политико-правовая теория; политико-правовые основы; правовые основы; теория права; философия права; персоналии; биографии; теория государства; история государства; политические учения; правовые учения
686 Индексы других классификаций __
a Классификационный индекс 67.3(0)
700 Автор _1
a Фамилия Батиев
b Имя Л. В.
g Полное личное имя Левон Владимирович
4 Код отношения 070
801 Источник записи _0
a Страна RU
b Организация Муниципальное бюджетное учреждение культуры "Централизованная библиотечная система" г. Сургут (Центральная городская библиотека им. А. С. Пушкина)
c Дата составления 20060505
g Правила каталогизации КиК/Елгина
801 Источник записи _1
a Страна RU
b Организация Муниципальное бюджетное учреждение культуры "Централизованная библиотечная система" г. Сургут (Центральная городская библиотека им. А. С. Пушкина)
c Дата составления 20060505
g Правила каталогизации КиК/Елгина
852 Данные о местонахождении __
j Шифр хранения 67.3(0)
c Каталожный индекс 67.3
i Авторский знак Б 28
901 Тип документа __
t Тип документа m
903 Характеристики (МАРС) __
a Дата передачи 20070129
990 Данные о заказе (DOS) __
j Количество экземпляров (DOS) 5
t N записи в КСУ для И/У (DOS) 200702